The reflective educator : a collaborative approach to building teachers' capacity /

Profiles teachers working with administrators and coaches to take charge of their professional growth and move along the path to excellence by becoming reflective practitioners.

Bibliographic Details
Corporate Author: Association for Supervision and Curriculum Development (Producer)
Other Authors: Cipriani, Marcia (Screenwriter)
Format: Video
Language:English
Language Notes:In English.
Published: Alexandria, VA : ASCD, [2015]
Series:Academic Video Online
Subjects:
Online Access:Connect to this streaming video (Alexander Street Press)

MARC

Tag First Indicator Second Indicator Subfields
LEADER 00000cgm a2200000 i 4500
001 in00005582012
006 m o c
007 cr cna||||||||
007 vz czazuu
008 161011s2015 vau045 o vleng d
005 20241201232746.9
035 |a (OCoLC)ocn960369135 
040 |a VLB  |b eng  |e rda  |e pn  |c VLB  |d ALSTP  |d UPM  |d OTZ  |d IGB  |d OCLCQ  |d CAUOI  |d WYU  |d UHL  |d OCLCO  |d OCLCQ  |d OCLCO  |d OCLCL  |d OCLCQ  |d NUI 
019 |a 1113566790  |a 1373506436  |a 1430878876  |a 1444010092 
020 |z 9781416620976 
020 |z 1416620974 
028 4 0 |a 616027  |b ASCD 
035 |a (OCoLC)960369135  |z (OCoLC)1113566790  |z (OCoLC)1373506436  |z (OCoLC)1430878876  |z (OCoLC)1444010092 
050 4 |a LB1025.3  |b .H35 2015ev 
049 |a TXAM 
245 0 4 |a The reflective educator :  |b a collaborative approach to building teachers' capacity /  |c with Pete Hall and Alisa Simeral ; producer/writer, Marcia Cipriani ; produced by ASCD. 
246 3 0 |a Collaborative approach to building teachers' capacity 
264 1 |a Alexandria, VA :  |b ASCD,  |c [2015] 
300 |a 1 online resource (Streaming video files (45 min.)) :  |b sound, color 
306 |a 005641 
336 |a two-dimensional moving image  |b tdi  |2 rdacontent 
337 |a computer  |b c  |2 rdamedia 
338 |a online resource  |b cr  |2 rdacarrier 
347 |a data file  |2 rda 
490 0 |a Academic Video Online 
508 |a Editor, Adam Welch ; director of photography, Stanley Staniski. 
520 |a Profiles teachers working with administrators and coaches to take charge of their professional growth and move along the path to excellence by becoming reflective practitioners. 
588 0 |a Videodisc version record. 
546 |a In English. 
650 0 |a Reflective teaching. 
650 0 |a Teachers. 
650 6 |a Enseignement réflexif. 
650 6 |a Enseignants. 
650 7 |a Reflective teaching.  |2 fast  |0 (OCoLC)fst01092506 
650 7 |a Teachers.  |2 fast  |0 (OCoLC)fst01144248 
655 7 |a Video recordings for the hearing impaired  |2 fast  |0 (OCoLC)fst01710450 
655 7 |a Video recordings for the hearing impaired.  |2 lcgft 
655 7 |a Vidéos pour personnes handicapées auditives.  |2 rvmgf 
700 1 |a Hall, Peter A.,  |d 1971-  |e presenter.  |1 https://id.oclc.org/worldcat/entity/E39PCjwDGb6d3rvWCPwQdP9Hcq 
700 1 |a Simeral, Alisa,  |e presenter. 
700 1 |a Cipriani, Marcia,  |e film producer,  |e screenwriter. 
710 2 |a Association for Supervision and Curriculum Development,  |e producer,  |e publisher. 
776 0 8 |i Videodisc version:  |t Reflective educator.  |d Alexandria, VA : ASCD, [2015]  |z 9781416620976  |w (OCoLC)936090773 
856 4 0 |u http://proxy.library.tamu.edu/login?url=https://www.aspresolver.com/aspresolver.asp?MARC;3292032  |z Connect to this streaming video (Alexander Street Press)  |t 0 
955 |a Alexander Street Press subscription streaming video 
994 |a 92  |b TXA 
999 f f |s 37e7fdc0-1976-4f92-8514-3b14d30b019f  |i c60211aa-45a6-4913-90b6-c60496268850  |t 0 
952 f f |a Texas A&M University  |b College Station  |c Electronic Resources  |d Available Online  |t 0  |e LB1025.3 .H35 2015ev  |h Library of Congress classification 
998 f f |a LB1025.3 .H35 2015ev  |t 0  |l Available Online